Movies by Memorabilia Quiz Stats

 Plays Quiz Updated Nov 16, 2015

Also try: Movie by Object
Challenge
Share
Tweet
Score 0/25 Timer 07:00
20 Plays Today
% Correct
The Wizard of Oz
97.1%
Back to the Future
96.9%
Lord of the Rings Trilogy
94.9%
Titanic
90.9%
Raiders of the Lost Ark
88.2%
Rocky
87.6%
The Silence of the Lambs
84%
Star Wars
82%
Ghostbusters
79.5%
The Godfather
76.7%
V for Vendetta
69.1%
Harry Potter and the Deathly Hallows
68.1%
The Shawshank Redemption
62.8%
% Correct
Chitty Chitty Bang Bang
62.2%
Citizen Kane
56.9%
The Maltese Falcon
52.2%
The Man with the Golden Gun
49%
The Seven Year Itch
48.3%
Forrest Gump
47.2%
Pulp Fiction
46.4%
Jaws
43.7%
My Fair Lady
40.5%
Monty Python & the Holy Grail
29.2%
Casablanca
24.3%
Terminator 2: Judgment Day
10.2%

You're not logged in!

Compare scores with friends on all Sporcle quizzes.
Join for Free
OR
Log In

You Might Also Like...

Show Comments

Extras

Top Quizzes Today


Score Distribution

Your Account Isn't Verified!

In order to create a playlist on Sporcle, you need to verify the email address you used during registration. Go to your Sporcle Settings to finish the process.

Report this User

Report this user for behavior that violates our Community Guidelines.

Details: